Preaching from the types and metaphors of the Bible. (Record no. 646)

000 -LEADER
fixed length control field 00697nam a2200205 a 4500
001 - CONTROL NUMBER
control field :::00013802$&:&@@
003 - CONTROL NUMBER IDENTIFIER
control field OkBaRHE
005 - DATE AND TIME OF LATEST TRANSACTION
control field 20100324135145.0
008 - FIXED-LENGTH DATA ELEMENTS--GENERAL INFORMATION
fixed length control field s1984 j 000 0 eng u
040 ## - CATALOGING SOURCE
Transcribing agency
100 1# - MAIN ENTRY--PERSONAL NAME
Personal name Keach, Benjamin, 1640-1704.
245 10 - TITLE STATEMENT
Title Preaching from the types and metaphors of the Bible.
Statement of responsibility, etc Foreword by Herbert Lockyer.
260 ## - PUBLICATION, DISTRIBUTION, ETC. (IMPRINT)
Place of publication, distribution, etc Grand Rapids, MI., :
Name of publisher, distributor, etc Kregel Publications
Date of publication, distribution, etc 1984
300 ## - PHYSICAL DESCRIPTION
Extent xxviii, 1007 p. ;
Dimensions 25 cm.
650 ## - SUBJECT ADDED ENTRY--TOPICAL TERM
Topical term or geographic name as entry element Bible
General subdivision Homiletical Use
650 ## - SUBJECT ADDED ENTRY--TOPICAL TERM
Topical term or geographic name as entry element Bible
General subdivision Language, Style
650 ## - SUBJECT ADDED ENTRY--TOPICAL TERM
Topical term or geographic name as entry element Metaphors In The Bible
942 ## - ADDED ENTRY ELEMENTS (KOHA)
Source of classification or shelving scheme
Koha item type Books
Copies
Not for loan Full call number Lost status Source of classification or shelving scheme Barcode Date acquired Date last seen Price effective from Shelving location Permanent Location Withdrawn status Damaged status Collection code Koha item type Copy number
 BS 537 .K4  138022010-04-142010-04-142010-04-14General StacksRHEMA Bible Training College  ReferenceBooks1